000 nam a22 a 4500
999 _c143204
_d143204
003 BLK
005 20230404030333.0
008 180409b bul|||||r ||||||| ||bul||
010 _aKNG00149320000
040 _aBLK
041 _aBUL
_cBUL
072 7 _2bullib
_aЯ
_xАвтографи
080 _aБългарска литература
_b821.163.2
_x-93-1
_z821.163.2-93-1
100 1 _aЦанев, Стефан Неделчев
_d1936-
_gПисател, поет, драматург.
_9364639
139 _aЦанев, Стефан Неделчев
_bЦ 16
245 1 0 _aАнини приказки
_cСтефан Неделчев Цанев; нарис. Климент Денчев.
257 _aBGR
260 _bНар. младеж
_c1976
_aСофия
300 _a80 с.
_bс ил.
_c24 см
380 _aDX
500 _a35 137 тир.
659 _aЯ
700 1 _aДенчев, Климент Денчев
_9381469
852 _aЦб 262352
856 4 _qpdf
_i0.00
_ldisable
856 4 _qpdf
_i0.00
_ldisable
942 _cKNG
_n0
_06
_s1
944 _aCR
_c15.08.2013
_l15.08.2013 - от С1,Р / 15.08.2013
_kСерджан_Ахмедов
944 _aED
_c15.08.2013
_l15.08.2013 - от С1,Р / 15.08.2013
999 _d143204
999 _d143204
999 _d143204